000 00659nac a22001811u 4500
010 _a 90045718
020 _a0442002920
082 0 0 _a690.1
_bA496
090 _c3219
_d3219
100 _aAmbrose, James E.
245 1 0 _aBuilding construction :
_binterior systems /
_cJames Ambrose.
260 _aNew York :
_bVan Nostrand Reinhold,1991.
_c1991.
300 _ax, 155 p. :
_bill. ;
_c29 cm.
504 _aIncludes bibliographical references and index.
650 0 _aBuilding
_xDetails.
942 _cBB
_k690.1 A496
999 _c3219
_d3219